Stati attraversati dal 45° Parallelo Nord - Statistics

Statistiche generali
  • Questo quiz è stato fatto 17 volte
  • Il punteggio medio è 11 su 14
Statistiche sulle risposte
Continente Stato % Corretto
Europa Francia
100%
Europa Italia
100%
Asia Cina
92%
Asia / Europa Russia
92%
America del Nord Stati Uniti
92%
Europa Romania
85%
America del Nord Canada
77%
Asia Giappone
77%
Asia / Europa Kazakistan
77%
Europa Croazia
69%
Europa Serbia
62%
Asia Mongolia
54%
Europa Bosnia ed Erzegovina
38%
Asia Uzbekistan
38%
Nessun quiz corrispondente trovato
Distribuzione punteggi
Percentuale di utenti per punteggio
Percentile per numero di risposta
I tuoi punteggi nel tempo
Non hai fatto questo quiz